Top 10 des puissances mondiales en 1940 - Statistiques

Statistiques générales
  • Ce quiz a été pris 215 fois
  • Le résultat moyen est 7 sur 10
Statistiques - réponses
Classement Puissance mondiale % Correct
03 États-Unis / USA
99%
06 France
99%
05 Royaume-Uni
93%
08 Japon
91%
04 Chine
90%
02 URSS
88%
07 Italie
85%
01 Allemagne Nazie
26%
09 Yougoslavie
21%
10 Hongrie
13%
Aucun quiz correspondant
Distribution des résultats
% des personnes avec chaque résultat
Percentile par nombre de réponses
Votre historique - résultats
Vous n’avez pas pris ce quiz